| 000 | 01456nam a2200337 i 4500 | ||
|---|---|---|---|
| 003 | DO-SdBNP | ||
| 005 | 20250903083042.0 | ||
| 007 | ta | ||
| 008 | 210531b 2017 dr 00| 0 eng d | ||
| 020 | _a9789945454543 | ||
| 040 |
_aDO-SdBNP _bspa _cBNPHU _erda |
||
| 041 | _aspa | ||
| 082 | 4 |
_a923.57293 _bL965c _222 |
|
| 100 | 1 |
_aCastro Ventura, Santiago, _d1949-. _eautor _4aut. _9775 |
|
| 245 | 1 | 0 |
_aLuperón : _bparadigma del anticolonialismo / _cSantiago Castro Ventura ; prólogo, Amaurys G. Pérez Vargas |
| 264 | 4 |
_aSanto Domingo : _bEditora Manatí, _c@2017. |
|
| 300 |
_a263 páginas : _bilustraciones y retratos ; _c23 cm. |
||
| 336 |
_atexto _btxt _2rdacomtent |
||
| 337 |
_asin mediación _bn _2rdamedia |
||
| 338 |
_avolumen _bnc _2rdacarrier |
||
| 500 | _aIncluye índice onomástico | ||
| 500 | _aIncluye datos biográficos del autor en la solapa de la contracubierta. | ||
| 504 | _aBibliografía : p. 247-255 | ||
| 505 |
_aGénesis de la vocación anticolonial -- _tFrente a los intentos de amputar a Samaná -- _tParalizando la anexión a los Estados Unidos -- _tLa fallida invasión patriótica a Puerto Rico -- _tAmigo sincero y animoso de la causa de Cuba. |
||
| 590 | _aInventariado, 2021 /LP | ||
| 600 | 1 | 0 |
_aLuperón, Gregorio, _d1839-1897 _9888 |
| 650 | 4 |
_99306 _aHistoria _zRepública Dominicana |
|
| 700 | 1 |
_aPérez Vargas, Amaurys G., _eprologuista _4pr. _988567 |
|
| 910 | _aValidado. Control de calidad. MAA | ||
| 942 |
_2ddc _cLBS1 |
||
| 999 |
_c49861 _d49861 |
||